Dictamen de los letrados Francisco Silvela, Aureliano Linares Rivas y Manuel García Prieto [a consulta de la Compañía de Ferrocarriles de Puerto Rico]. (Record no. 165370)

MARC details
000 -LEADER
campo de control de longitud fija 00830nam a2200193 i 4500
001 - NÚMERO DE CONTROL
campo de control 165370
003 - IDENTIFICADOR DE NÚMERO DE CONTROL
campo de control ES-MaACL
005 - FECHA Y HORA DE LA ÚLTIMA TRANSACCIÓN
campo de control 20231229063052.0
008 - DATOS DE LONGITUD FIJA--INFORMACIÓN GENERAL
campo de control de longitud fija 990906s1893 sp |||| | spa d
100 1# - ENTRADA PRINCIPAL--NOMBRE DE PERSONA
Nombre de persona Silvela, Francisco,
Fechas asociadas al nombre 1845-1905
9 (RLIN) 106425
245 10 - MENCIÓN DEL TÍTULO
Título Dictamen de los letrados Francisco Silvela, Aureliano Linares Rivas y Manuel García Prieto [a consulta de la Compañía de Ferrocarriles de Puerto Rico].
260 ## - PUBLICACIÓN, DISTRIBUCIÓN, ETC.
Lugar de publicación, distribución, etc. Madrid :
Nombre del editor, distribuidor, etc. [s.n.],
Fecha de publicación, distribución, etc. 1893 (
Fabricante Imp. y Enc. de L. Miñón é Hijos)
300 ## - DESCRIPCIÓN FÍSICA
Extensión 31 p. ;
Dimensiones 23 cm.
700 1# - ENTRADA AGREGADA--NOMBRE PERSONAL
Nombre de persona Linares Rivas, Aureliano.
9 (RLIN) 72354
700 1# - ENTRADA AGREGADA--NOMBRE PERSONAL
Nombre de persona García Prieto, Manuel.
9 (RLIN) 55137
710 2# - ENTRADA AGREGADA--NOMBRE DE ENTIDAD CORPORATIVA
Nombre de entidad corporativa o nombre de jurisdicción como elemento de entrada Compañía de Ferrocarriles de Puerto Rico.
9 (RLIN) 134291
852 ## - LOCALIZACIÓN
Ubicación ES-MaACL
Número de control de estantería T-1291-F-3
Nota libre - Enc. hol. conservando cub. original
-- - Enc. en un vol. facticio
Holdings
Estatus retirado Estado de pérdida Estado de daño No para préstamo Colección Biblioteca de origen Biblioteca actual Ubicación en estantería Fecha de adquisición Total de préstamos Signatura topográfica completa Código de barras Visto por última vez Precio de reemplazo Tipo de ítem Koha
        Colección de folletos Biblioteca del Ateneo de Madrid Biblioteca del Ateneo de Madrid Depósito folletos 17/01/2008   T-1291-F-3 1173407 23/02/2023 23/02/2023 Folleto